| 000 | 00687 a2200205 4500 | ||
|---|---|---|---|
| 001 | 41388 | ||
| 005 | 20260407155708.0 | ||
| 008 | 260407a2014 arg spa d | ||
| 003 | AR-UNSa-BCEJYS | ||
| 040 |
_aAR-UNSa-BCEJYS _bspa _cAR-UNSa-BCEJYS |
||
| 080 |
_a336.221 _xTributación |
||
| 245 | 1 | 0 |
_aModificaciones a los regímenes de impresión y emisión de comprobantes _p[RG(AFIP) 3665 y 3666] |
| 264 | 1 |
_aBuenos Aires : _bErrepar _c2014 |
|
| 300 |
_a61 p. _c21 cm. |
||
| 041 | _aspa | ||
| 942 | _cBK | ||
| 590 | _aniveau_biblio:m niveau_hierar:0 | ||
| 100 | 1 | _aGraña, Fabián P. | |
| 856 | 4 | 1 |
_uhttps://biblioeco.unsa.edu.ar/pmb/images/libros/E00051.jpg _yImagen de portada _qimage/jpeg |
| 999 |
_c3493 _d3493 |
||